[Event "SVK-chT2C 1112"]
[Site "Slovakia"]
[Date "2012.02.26"]
[Round "11.4"]
[White "Zagrapan, Pavol"]
[Black "Pauco, Vladimir"]
[Result "1/2-1/2"]
[WhiteElo "2139"]
[BlackElo "2043"]
[PlyCount "55"]
[EventDate "2011.10.08"]
[EventType "team-tourn"]
[EventRounds "11"]
[EventCountry "SVK"]
[SourceTitle "EXT 2013"]
[Source "ChessBase"]
[SourceDate "2012.11.22"]
[SourceVersion "1"]
[SourceVersionDate "2012.11.22"]
[SourceQuality "1"]
[WhiteTeam "Cadca II"]
[BlackTeam "Podpolanie Detva"]
[WhiteTeamCountry "SVK"]
[BlackTeamCountry "SVK"]

1. e4 c6 2. d4 d5 3. e5 Bf5 4. Nc3 e6 5. g4 Bg6 6. Nge2 Nd7 7. Nf4 Qe7 8. h4 f6 9. Qe2 Bf7 10. Bd2 Nb6 11. Qe3 0-0-0 12. 0-0-0 g6 13. exf6 Nxf6 14. g5 Nh5 15. Nxh5 gxh5 16. Qe5 Rg8 17. Bf4 Kd7 18. Bd3 Bg6 19. Rhe1 Bg7 20. Qe3 Rge8 21. Re2 Qb4 22. a3 Qe7 23. Rde1 Qf7 24. Bh2 Re7 25. a4 Bxd3 26. Qxd3 Qg6 27. Be5 Qxd3 28. cxd3 1/2-1/2